| 000 | 00513cam a2200169u 4500 | ||
|---|---|---|---|
| 082 |
_a621.316 _bBRA _cL-10, P-2 |
||
| 100 | 1 |
_aBraymer, Daniel Harvey, _941380 |
|
| 245 | 1 | 0 | _aArmature winding and motor repair; |
| 250 | _a1st ed. | ||
| 260 |
_aNew York [etc.] _bMcGraw-Hill book company, inc., _c1920. |
||
| 300 | _ap. cm. | ||
| 526 |
_a0 _b0 _c0 _d621_316000000000000_BRA |
||
| 650 | 0 |
_aArmatures. _941381 |
|
| 650 | 0 |
_aElectric machinery _xMaintenance and repair. _941382 |
|
| 650 | 0 |
_aMCE _9379 |
|
| 942 |
_2ddc _cBK |
||
| 999 |
_c545503 _d545503 |
||